Projecte de pressupost 2001 / Diputació de Barcelona
Descripción Física:
5 v. ; 30 cm
MARC
| LEADER | 00000nam a2200000Ia 4500 | ||
|---|---|---|---|
| 001 | 14010, 14011, 17226, 17701, 17697 | ||
| 008 | 160829s9999 xx 000 0 cat d | ||
| 080 | |a Pressupostos | ||
| 110 | 1 | |a Barcelona (Catalunya : Província). |b Diputació |9 52408 | |
| 245 | |a Projecte de pressupost 2001 / Diputació de Barcelona | ||
| 260 | |a Barcelona : |b Diputació de Barcelona, [2000] | ||
| 300 | |a 5 v. ; |c 30 cm | ||
| 610 | 1 | 0 | |a Barcelona (Catalunya : Província). |b Diputació |x Assignacions pressupostàries i despeses |9 53789 |
| 866 | |a 1: Pressupost; 2: Unitats gestores; 3: Memòria; 4: Annex plantilla; 5: Informe economicofinancer, annex d'inversió i situació del deute | ||
| 901 | |a Arxiu | ||
| 942 | |n 1 | ||
| 952 | |0 0 |1 0 |4 0 |6 PRESSUPOSTOS |7 1 |9 49358 |a Arxiu |b Arxiu |d 2016-12-01 |l 0 |o Pressupostos |p 14010, 14011, 17226, |r 2016-12-01 00:00:00 |w 2016-12-01 |y ARXIU | ||
| 999 | |c 53200 |d 53200 | ||